[Event "Montreal CAN, Pere Noel Open 2022"]
[Site "Montreal CAN"]
[Date "2022.12.30"]
[Round "5.14"]
[White "Bain-Thouverez, Aurelien"]
[Black "Voskanyan, Vahagn"]
[Result "0-1"]
[WhiteElo "1719"]
[BlackElo "2181"]
[PlyCount "50"]
[EventDate "2022.12.27"]
[EventType "swiss"]
[EventRounds "7"]
[EventCountry "CAN"]
[Source "ChessMix "]
[SourceDate "2023.01.10"]

1. Nf3 Nf6 2. g3 c5 3. Bg2 g6 4. O-O Bg7 5. d4 cxd4 6. Nxd4 Nc6 7. c3 O-O 8.
Nd2 Nxd4 9. cxd4 d5 10. Qb3 Qa5 11. Rd1 Bd7 12. Nf3 Bb5 13. Bd2 Qa6 14. e3 Ba4
15. Qa3 Bxd1 16. Qxa6 bxa6 17. Rxd1 Ne4 18. Bb4 Rfe8 19. Ne1 Rac8 20. Nd3 Rc2
21. f3 Nf6 22. Bc3 Bh6 23. Re1 Rc8 24. Nb4 Rc1 25. f4 R8xc3 0-1

[Event "Montreal CAN, Pere Noel Open 2022"]
[Site "Montreal CAN"]
[Date "2022.12.30"]
[Round "5.15"]
[White "Berube, Maximilien"]
[Black "Robichaud, Louis"]
[Result "0-1"]
[WhiteElo "1592"]
[BlackElo "2032"]
[PlyCount "54"]
[EventDate "2022.12.27"]
[EventType "swiss"]
[EventRounds "7"]
[EventCountry "CAN"]
[Source "ChessMix "]
[SourceDate "2023.01.10"]

1. c4 Nf6 2. g3 g6 3. Nc3 Bg7 4. e4 d6 5. Bg2 O-O 6. Nge2 e5 7. d3 Nc6 8. O-O
Nd4 9. h3 Nh5 10. Kh2 c6 11. Be3 f5 12. Qd2 f4 13. gxf4 Nxe2 14. Qxe2 Nxf4 15.
Bxf4 Rxf4 16. Qe1 Rh4 17. Rg1 Bh6 18. Ne2 Bg4 19. Ng3 Bf4 20. Rh1 Qb6 21. b4
Rf8 22. f3 Bc8 23. Bf1 Qd8 24. Rg1 Qg5 25. a3 Qh6 26. Kg2 Rxh3 27. Kf2 Rh2+ 0-1

[Event "Montreal CAN, Pere Noel Open 2022"]
[Site "Montreal CAN"]
[Date "2022.12.30"]
[Round "5.17"]
[White "Nica, Ion"]
[Black "Singher, Jean Pierre"]
[Result "1/2-1/2"]
[WhiteElo "1671"]
[BlackElo "1934"]
[PlyCount "35"]
[EventDate "2022.12.27"]
[EventType "swiss"]
[EventRounds "7"]
[EventCountry "CAN"]
[Source "ChessMix "]
[SourceDate "2023.01.10"]

1. d4 Nf6 2. c4 e6 3. Nc3 d5 4. cxd5 exd5 5. Bg5 Be7 6. e3 O-O 7. Bd3 Nbd7 8.
Qc2 Re8 9. Nge2 a6 10. O-O h6 11. Bh4 b6 12. Rac1 Bb7 13. f3 c5 14. Qd2 cxd4
15. Nxd4 Ne5 16. Bb1 Nc4 17. Qd3 g5 18. b3 1/2-1/2

[Event "Montreal CAN, Pere Noel Open 2022"]
[Site "Montreal CAN"]
[Date "2022.12.30"]
[Round "5.19"]
[White "Jiang Barron, Jiyu"]
[Black "Hu, Raymond"]
[Result "1-0"]
[WhiteElo "1701"]
[BlackElo "1374"]
[PlyCount "73"]
[EventDate "2022.12.27"]
[EventType "swiss"]
[EventRounds "7"]
[EventCountry "CAN"]
[Source "ChessMix "]
[SourceDate "2023.01.10"]

1. e4 c5 2. Nf3 Nc6 3. d4 cxd4 4. Nxd4 Nf6 5. Nc3 e6 6. a3 d5 7. exd5 Nxd5 8.
Nxc6 bxc6 9. Ne4 e5 10. c4 Qh4 11. Qf3 Bg4 12. Qg3 Qxg3 13. hxg3 Nc7 14. Be3 a5
15. Bd3 Rb8 16. f3 Be6 17. O-O-O Be7 18. Nc5 h6 19. Be4 Bxc5 20. Bxc5 f5 21.
Bxc6+ Kf7 22. Bd6 Rb6 23. Ba4 Rc8 24. Bxc7 Rxc7 25. b3 Bxc4 26. bxc4 Rxc4+ 27.
Bc2 Rb3 28. Kd2 Rxa3 29. Ra1 Rd4+ 30. Ke2 Rc3 31. Bxf5 a4 32. Rh4 a3 33. Rxd4
exd4 34. Ra2 Kf6 35. Bd3 Ke5 36. Kd2 Kd5 37. Rc2 1-0

[Event "Montreal CC-ch"]
[Site "Montreal CAN"]
[Date "2022.06.17"]
[Round "1.1"]
[White "Ostaci, Liviu"]
[Black "Rodrigue-Lemieux, Shawn"]
[Result "0-1"]
[WhiteElo "2471"]
[BlackElo "1504"]
[PlyCount "64"]
[EventDate "2022.06.17"]
[EventType "swiss"]
[EventRounds "5"]
[EventCountry "CAN"]

1. d4 Nf6 2. Nf3 d5 3. g3 e6 4. Bg2 Be7 5. O-O O-O 6. c3 c5 7. Nbd2 Nc6 8. Re1
cxd4 9. cxd4 b6 10. Nf1 Bb7 11. Bf4 Rc8 12. h3 Nb4 13. Ne3 Nh5 14. a3 Nc6 15.
Nf1 Nxf4 16. gxf4 b5 17. e3 Na5 18. Ne5 Nc4 19. Nd3 Bd6 20. Nd2 g5 21. fxg5
Qxg5 22. Nf3 Qg7 23. Kh1 Kh8 24. Nh4 Rg8 25. Bf3 Qh6 26. Bh5 Rg5 27. Bxf7 Qxh4
28. Bxe6 Re8 29. Bd7 Bc6 30. Bg4 h5 31. f4 Rxg4 32. Kh2 Qg3+ 0-1

[Event "Montreal CC-ch"]
[Site "Montreal CAN"]
[Date "2022.06.17"]
[Round "1.2"]
[White "Leveille, Francois"]
[Black "Smirnov, Arteme"]
[Result "1-0"]
[WhiteElo "2317"]
[BlackElo "1493"]
[PlyCount "81"]
[EventDate "2022.06.17"]
[EventType "swiss"]
[EventRounds "5"]
[EventCountry "CAN"]

1. Nf3 d5 2. g3 Nf6 3. Bg2 c6 4. O-O Bf5 5. d3 e6 6. Nbd2 Be7 7. b3 h6 8. Bb2
O-O 9. a3 a5 10. e3 Nbd7 11. Qe2 Qc7 12. h3 e5 13. e4 dxe4 14. dxe4 Be6 15. Nc4
Bxc4 16. Qxc4 Bc5 17. Kh1 b5 18. Qe2 Rfe8 19. Nh4 Bd4 20. c3 Bb6 21. b4 Rad8
22. Nf5 Nf8 23. c4 bxc4 24. Rac1 Rd3 25. Rxc4 Red8 26. Bc1 Ne6 27. Rxc6 Qb7 28.
b5 R3d7 29. Qf3 Rd3 30. Qe2 R3d7 31. a4 Qa7 32. Kg1 Rc7 33. Qc4 Rxc6 34. bxc6
Nd4 35. Be3 Nxf5 36. Bxb6 Qxb6 37. exf5 Rd4 38. Qb5 Qd8 39. Qxe5 Rxa4 40. c7
Qc8 41. Rd1 1-0

[Event "Montreal CC-ch"]
[Site "Montreal CAN"]
[Date "2022.06.17"]
[Round "1.3"]
[White "Chaudari, Prabhas"]
[Black "Zheng, Richard"]
[Result "0-1"]
[WhiteElo "1451"]
[BlackElo "2193"]
[PlyCount "82"]
[EventDate "2022.06.17"]
[EventType "swiss"]
[EventRounds "5"]
[EventCountry "CAN"]

1. e4 c6 2. d4 d5 3. Nc3 dxe4 4. Nxe4 Bf5 5. Ng3 Bg6 6. h4 h6 7. Nf3 Nd7 8. h5
Bh7 9. Bd3 Bxd3 10. Qxd3 e6 11. Bd2 Ngf6 12. O-O-O Be7 13. Kb1 O-O 14. Rhe1 Qc7
15. Ne5 Rad8 16. Qe2 c5 17. c3 cxd4 18. cxd4 Nxe5 19. dxe5 Nd5 20. Qg4 Kh8 21.
f4 Qc4 22. Qf3 f5 23. Rc1 Qb5 24. Ne2 Nb6 25. Bc3 Rd3 26. Qf2 Bc5 27. Bd4 Nc4
28. Rxc4 Qxc4 29. Rc1 Bxd4 30. Qf1 Qb4 31. Rc2 Bb6 32. Nc1 Rd7 33. Rc4 Qd2 34.
Rc2 Qd4 35. Qe2 Rfd8 36. g4 Qe4 37. Qxe4 fxe4 38. Re2 Rd2 39. Rxe4 R8d4 40. Re2
Rxe2 41. Nxe2 Re4 0-1

[Event "Montreal CC-ch"]
[Site "Montreal CAN"]
[Date "2022.06.17"]
[Round "1.4"]
[White "Kapush, Oleksandr"]
[Black "Rebhi, Mohamed"]
[Result "1-0"]
[WhiteElo "2144"]
[BlackElo "1440"]
[PlyCount "63"]
[EventDate "2022.06.17"]
[EventType "swiss"]
[EventRounds "5"]
[EventCountry "CAN"]

1. e4 e5 2. Nf3 Nf6 3. d3 Bc5 4. Be2 Nc6 5. c3 d6 6. Nbd2 Bd7 7. Qc2 Ng4 8. O-O
Qf6 9. Nc4 b5 10. Ne3 Nxe3 11. Bxe3 Bb6 12. Rad1 Ne7 13. d4 Rd8 14. Qd2 exd4
15. Nxd4 a6 16. Bg5 Qg6 17. Nf5 Bxf5 18. exf5 Qxf5 19. Bd3 Qd7 20. Bxe7 Kxe7
21. Rfe1+ Kf8 22. Qf4 Re8 23. Bf5 Rxe1+ 24. Rxe1 Qd8 25. a4 Qf6 26. Bd7 Bxf2+
27. Qxf2 Qxf2+ 28. Kxf2 g6 29. Re8+ Kg7 30. Rxh8 Kxh8 31. a5 c5 32. Bxb5 1-0

[Event "Montreal CC-ch"]
[Site "Montreal CAN"]
[Date "2022.06.17"]
[Round "1.5"]
[White "Berthiaume, Yves"]
[Black "Mok, Yuen Tak"]
[Result "0-1"]
[WhiteElo "1432"]
[BlackElo "2120"]
[PlyCount "65"]
[EventDate "2022.06.17"]
[EventType "swiss"]
[EventRounds "5"]
[EventCountry "CAN"]

1. d4 d5 2. Bf4 c5 3. e3 Nc6 4. c3 Nf6 5. Nf3 e6 6. Bd3 Be7 7. Nbd2 O-O 8. h3
b6 9. O-O Nh5 10. Bh2 f5 11. Ne5 Nxe5 12. dxe5 g6 13. Be2 Ng7 14. Bf3 Rb8 15.
Qc2 Qc7 16. Rfd1 Bb7 17. c4 Rfd8 18. Nb3 dxc4 19. Nd2 b5 20. Bxb7 Qxb7 21. Nf3
Rd5 22. Bf4 Rbd8 23. Bg5 Bxg5 24. Nxg5 Qd7 25. Rxd5 Qxd5 26. Nf3 h6 27. Qc3 b4
28. Qe1 g5 29. a3 a5 30. Kh1 g4 31. hxg4 fxg4 32. Nh4 Qxe5 33. Ng6 0-1

[Event "Montreal CC-ch"]
[Site "Montreal CAN"]
[Date "2022.06.17"]
[Round "1.6"]
[White "Batorshyn, Ilia"]
[Black "Jutras, Arnaud"]
[Result "0-1"]
[WhiteElo "2100"]
[BlackElo "1345"]
[PlyCount "106"]
[EventDate "2022.06.17"]
[EventType "swiss"]
[EventRounds "5"]
[EventCountry "CAN"]

1. Nf3 d5 2. g3 Nf6 3. Bg2 Bf5 4. O-O e6 5. c4 c6 6. b3 Be7 7. d3 O-O 8. Bb2
Qb6 9. Nbd2 Nbd7 10. h3 Rfd8 11. Nh4 Bg6 12. Nxg6 hxg6 13. Qc2 Rac8 14. e4 dxe4
15. Nxe4 Nxe4 16. dxe4 Bf6 17. Kh2 Bxb2 18. Qxb2 Nc5 19. f4 Qb4 20. Rad1 a5 21.
f5 gxf5 22. exf5 Rxd1 23. Rxd1 exf5 24. Qe5 g6 25. Rd4 Ne6 26. Rh4 Ng7 27. Qe3
Re8 28. Qh6 Nh5 29. Qg5 Kf8 30. Rd4 Qe7 31. Qxe7+ Rxe7 32. c5 Re5 33. Rd8+ Re8
34. Rd7 Re7 35. Rd4 Re5 36. Rc4 Nf6 37. a3 Nd5 38. Ra4 Re3 39. Rxa5 Rxb3 40. a4
Ne3 41. Ra8+ Ke7 42. Bf3 Nc4 43. Kg2 Ne5 44. Be2 Nd7 45. Ra5 Rc3 46. Ra7 Nxc5
47. a5 Kf6 48. Ra8 Ra3 49. a6 Nxa6 50. Ra7 Ra2 51. Kf3 b5 52. Ke3 Nb4 53. Rc7
Nd5+ 0-1

[Event "Montreal CC-ch"]
[Site "Montreal CAN"]
[Date "2022.06.17"]
[Round "1.7"]
[White "Emin, Sebastien"]
[Black "Beaudry, Marc-Andre"]
[Result "0-1"]
[WhiteElo "1313"]
[BlackElo "2052"]
[PlyCount "58"]
[EventDate "2022.06.17"]
[EventType "swiss"]
[EventRounds "5"]
[EventCountry "CAN"]

1. c4 c6 2. d4 d5 3. Bf4 dxc4 4. e4 b5 5. a4 Nf6 6. Nd2 Qb6 7. Ngf3 e6 8. Be2
Bb7 9. O-O Be7 10. Qc2 Nbd7 11. Rfb1 a6 12. a5 Qd8 13. b4 cxb3 14. Rxb3 c5 15.
dxc5 Nxc5 16. Rb4 Qc8 17. Qb1 O-O 18. Ng5 h6 19. Ngf3 Rd8 20. e5 Nd5 21. Bxh6
Nxb4 22. Qxb4 gxh6 23. Qg4+ Kf8 24. Qh5 Qc6 25. Qxh6+ Ke8 26. Rd1 Ne4 27. Qh8+
Bf8 28. Qh5 Nxd2 29. Nxd2 Qxg2# 0-1

[Event "Montreal CC-ch"]
[Site "Montreal CAN"]
[Date "2022.06.17"]
[Round "1.8"]
[White "Jacquet, Stephane"]
[Black "Bond, Yvon"]
[Result "1-0"]
[WhiteElo "2013"]
[BlackElo "1261"]
[PlyCount "81"]
[EventDate "2022.06.17"]
[EventType "swiss"]
[EventRounds "5"]
[EventCountry "CAN"]

1. d4 d5 2. c4 e6 3. Nc3 c6 4. e4 dxe4 5. Nxe4 Nf6 6. Nxf6+ Qxf6 7. Nf3 Bb4+ 8.
Bd2 Bxd2+ 9. Qxd2 O-O 10. Bd3 Nd7 11. Qe3 b6 12. O-O-O Bb7 13. Ng5 h6 14. Nh7
Qe7 15. Nxf8 Rxf8 16. Rhe1 Nf6 17. f3 Qc7 18. g4 c5 19. dxc5 bxc5 20. h4 Qa5
21. Kb1 Nd7 22. g5 h5 23. g6 e5 24. gxf7+ Rxf7 25. Rf1 Qb6 26. f4 Re7 27. Bf5
Bc6 28. Rd2 e4 29. Bg6 Nf8 30. f5 Nxg6 31. fxg6 Be8 32. Qg5 Qf6 33. Qxf6 gxf6
34. Rxf6 Kg7 35. Rdd6 e3 36. Rfe6 Rxe6 37. Rxe6 Bxg6+ 38. Kc1 Bd3 39. Rxe3 Bxc4
40. a3 Bb5 41. Re5 1-0

[Event "Montreal CC-ch"]
[Site "Montreal CAN"]
[Date "2022.06.17"]
[Round "1.9"]
[White "Millette, Sylvain"]
[Black "Grenier, Jean"]
[Result "1-0"]
[WhiteElo "1590"]
[BlackElo "1057"]
[PlyCount "89"]
[EventDate "2022.06.17"]
[EventType "swiss"]
[EventRounds "5"]
[EventCountry "CAN"]

1. Nf3 b6 2. g3 Bb7 3. Bg2 e5 4. d3 h6 5. O-O Nf6 6. Nxe5 Bxg2 7. Kxg2 Nc6 8.
Nxc6 dxc6 9. e4 Bc5 10. Be3 Bxe3 11. fxe3 Qd7 12. Nc3 Ng4 13. Qe2 O-O-O 14. Qf3
Rdf8 15. h3 Ne5 16. Qe2 g5 17. d4 g4 18. dxe5 gxh3+ 19. Kh2 Rhg8 20. Rad1 Qe6
21. Rf5 Qg6 22. Qf3 Rg7 23. Ne2 Rfg8 24. Rg1 Qe6 25. b3 Qd7 26. Nf4 Qd2+ 27.
Qe2 Qb4 28. Nxh3 Qxe4 29. Qd3 Qg4 30. Rf4 Qe6 31. Qf5 Qxf5 32. Rxf5 Kd7 33. Nf4
Rg5 34. Rxf7+ Ke8 35. Rxc7 Rxe5 36. Rc8+ Kf7 37. Rxg8 Kxg8 38. Re1 Kg7 39. Kg2
Kf6 40. Kf3 Kf5 41. Rh1 Kg5 42. Rh5+ Kf6 43. Rxh6+ Kg7 44. Rxc6 Rf5 45. Rc7+
1-0

[Event "Montreal CC-ch"]
[Site "Montreal CAN"]
[Date "2022.06.17"]
[Round "1.10"]
[White "Bachrach, Yaron"]
[Black "Genzling, Jerome"]
[Result "0-1"]
[WhiteElo "1257"]
[BlackElo "1994"]
[PlyCount "80"]
[EventDate "2022.06.17"]
[EventType "swiss"]
[EventRounds "5"]
[EventCountry "CAN"]

1. e4 c5 2. c3 d5 3. exd5 Qxd5 4. d4 Nc6 5. Nf3 Bg4 6. Be2 cxd4 7. cxd4 e6 8.
Nc3 Qa5 9. O-O Nf6 10. Qb3 Bb4 11. a3 Bxc3 12. Qxb7 O-O 13. bxc3 Qxc3 14. Bd2
Qc2 15. Rac1 Qe4 16. Qxc6 Qxe2 17. Rfe1 Qd3 18. Re3 Bxf3 19. Rxd3 Bxc6 20. Rxc6
Rab8 21. Rdc3 Ne4 22. Bf4 Nxc3 23. Rxc3 Rb1+ 24. Bc1 Rd8 25. g3 h6 26. Kg2 Rxd4
27. Rc8+ Kh7 28. Be3 Rd7 29. h4 Kg6 30. Rc5 Rd5 31. Rxd5 exd5 32. Bxa7 Kf5 33.
Kf3 Rb3+ 34. Ke2 Rxa3 35. Bd4 g6 36. h5 Ke4 37. Bg7 gxh5 38. Bxh6 Ra2+ 39. Bd2
Rxd2+ 40. Kxd2 Kf3 0-1

[Event "Montreal CC-ch"]
[Site "Montreal CAN"]
[Date "2022.06.17"]
[Round "1.11"]
[White "Sekki, Abderaouf"]
[Black "Daly, Jean"]
[Result "1-0"]
[WhiteElo "1922"]
[BlackElo "1205"]
[PlyCount "81"]
[EventDate "2022.06.17"]
[EventType "swiss"]
[EventRounds "5"]
[EventCountry "CAN"]

1. d4 Nf6 2. c4 c5 3. d5 d6 4. Nc3 g6 5. e4 Bg7 6. f4 Nbd7 7. Nf3 O-O 8. Bd3
Nb6 9. h3 e6 10. O-O exd5 11. cxd5 a6 12. a4 Rb8 13. a5 Na8 14. e5 dxe5 15. Bc4
e4 16. Ng5 b5 17. axb6 Nxb6 18. Bxa6 Nbxd5 19. Bc4 h6 20. Nxf7 Kxf7 21. Nxd5
Be6 22. Ra7+ Nd7 23. f5 Bd4+ 24. Kh1 gxf5 25. Qh5+ Kg8 26. Qg6+ Bg7 27. Qxe6+
Kh7 28. Rxd7 Qh4 29. Rf7 Rxf7 30. Qxf7 Rf8 31. Qe6 Qh5 32. Nf4 Qe8 33. Qxe8
Rxe8 34. Ne6 e3 35. Bxe3 Bxb2 36. Rxf5 Ra8 37. Rxc5 Ra3 38. Bd4 Ra1+ 39. Kh2
Bxd4 40. Nxd4 Rc1 41. Bd3+ 1-0

[Event "Montreal CC-ch"]
[Site "Montreal CAN"]
[Date "2022.06.18"]
[Round "2.1"]
[White "Rodrigue-Lemieux, Shawn"]
[Black "Beaulieu, Pierre"]
[Result "1-0"]
[WhiteElo "2471"]
[BlackElo "1848"]
[PlyCount "53"]
[EventDate "2022.06.17"]
[EventType "swiss"]
[EventRounds "5"]
[EventCountry "CAN"]

1. c4 Nf6 2. g3 e6 3. Nf3 c5 4. Bg2 Nc6 5. O-O Qc7 6. Nc3 a6 7. d4 cxd4 8. Nxd4
Nxd4 9. Qxd4 Bc5 10. Qd3 h5 11. Bf4 d6 12. Rad1 e5 13. Bg5 Be6 14. Bxf6 gxf6
15. Nd5 Bxd5 16. Bxd5 Ke7 17. b4 Ba7 18. Bxb7 Rab8 19. Bxa6 h4 20. Bb5 hxg3 21.
hxg3 Bd4 22. Qe4 Qc8 23. Rxd4 Qh3 24. Rfd1 f5 25. Qh4+ Rxh4 26. Rxh4 Qxh4 27.
gxh4 1-0

[Event "Montreal CC-ch"]
[Site "Montreal CAN"]
[Date "2022.06.18"]
[Round "2.2"]
[White "Baran, Marius"]
[Black "Leveille, Francois"]
[Result "0-1"]
[WhiteElo "1822"]
[BlackElo "2317"]
[PlyCount "74"]
[EventDate "2022.06.17"]
[EventType "swiss"]
[EventRounds "5"]
[EventCountry "CAN"]

1. d4 Nf6 2. c4 g6 3. Nc3 d5 4. cxd5 Nxd5 5. e4 Nxc3 6. bxc3 Bg7 7. Bc4 O-O 8.
Be3 Nc6 9. Ne2 e5 10. O-O Qe7 11. d5 Na5 12. Bd3 c6 13. c4 b6 14. Bd2 Nb7 15.
Rb1 Bd7 16. dxc6 Bxc6 17. Nc3 Nc5 18. Qe2 Rac8 19. Nd5 Qh4 20. g3 Qd8 21. Bb4
Bd7 22. Bc2 Re8 23. Rfd1 Ne6 24. Bc3 h5 25. h4 Rc5 26. Bb4 Rc6 27. Ba4 Nd4 28.
Rxd4 exd4 29. Bxc6 Bxc6 30. Qd3 Qd7 31. Kh2 Bb7 32. c5 bxc5 33. Bxc5 Bxd5 34.
exd5 Qxd5 35. Bxa7 Qxa2 36. Rb7 Qxf2+ 37. Kh3 Re3 0-1

[Event "Montreal CC-ch"]
[Site "Montreal CAN"]
[Date "2022.06.18"]
[Round "2.3"]
[White "Zheng, Richard"]
[Black "Destree, Frederic"]
[Result "1-0"]
[WhiteElo "2193"]
[BlackElo "1831"]
[PlyCount "83"]
[EventDate "2022.06.17"]
[EventType "swiss"]
[EventRounds "5"]
[EventCountry "CAN"]

1. d4 g6 2. c4 Bg7 3. Nc3 Nf6 4. e4 d6 5. Nf3 O-O 6. Be2 Na6 7. O-O e5 8. Be3
Qe7 9. Qc2 Nb4 10. Qb1 Ng4 11. Bg5 f6 12. Bh4 g5 13. a3 Nc6 14. d5 Nd4 15. Bg3
f5 16. exf5 Bxf5 17. Qd1 Rae8 18. Nxd4 exd4 19. Bxg4 dxc3 20. bxc3 Bxc3 21.
Bxf5 Rxf5 22. Rc1 Ba5 23. h3 Bb6 24. Qd2 Qg7 25. Rce1 Rff8 26. Re2 Rxe2 27.
Qxe2 Qf6 28. Kh2 Bd4 29. Qg4 Be5 30. f4 Bb2 31. Rf2 Bxa3 32. fxg5 Qg6 33. Rxf8+
Kxf8 34. Qc8+ Qe8 35. Qxc7 Qe7 36. Qb8+ Kf7 37. Qxa7 Bc5 38. Qb8 b6 39. h4 Qd7
40. Qh8 Kg6 41. Qf6+ Kh5 42. g6 1-0

[Event "Montreal CC-ch"]
[Site "Montreal CAN"]
[Date "2022.06.18"]
[Round "2.4"]
[White "Bardyn, Renaud"]
[Black "Kapush, Oleksandr"]
[Result "0-1"]
[WhiteElo "1782"]
[BlackElo "2144"]
[PlyCount "86"]
[EventDate "2022.06.17"]
[EventType "swiss"]
[EventRounds "5"]
[EventCountry "CAN"]

1. e4 c5 2. Nf3 d6 3. h3 Nf6 4. Bd3 Nc6 5. c3 e6 6. Bc2 Be7 7. O-O O-O 8. a3 c4
9. d4 cxd3 10. Qxd3 h6 11. Rd1 b6 12. b4 Qc7 13. Nd4 Nxd4 14. cxd4 Ba6 15. Qd2
Rac8 16. Ra2 d5 17. e5 Ne4 18. Qe3 Qc4 19. Rb2 Nc3 20. Nxc3 Qxc3 21. f4 Qxe3+
22. Bxe3 Rc3 23. Bd2 Rxa3 24. b5 Bb7 25. Rb3 Rxb3 26. Bxb3 a6 27. Rc1 Rc8 28.
Rxc8+ Bxc8 29. bxa6 Bxa6 30. Kf2 Kf8 31. g4 Bd3 32. Be1 Ke8 33. Ke3 Bf1 34. h4
b5 35. f5 exf5 36. gxf5 Bc4 37. Bxc4 bxc4 38. Kd2 Bb4+ 39. Kd1 Bxe1 40. Kxe1 g6
41. Kd2 gxf5 42. Ke3 Kd7 43. Kf4 c3 0-1

[Event "Montreal CC-ch"]
[Site "Montreal CAN"]
[Date "2022.06.18"]
[Round "2.5"]
[White "Mok, Yuen Tak"]
[Black "Lima-Barbosa, Raphael"]
[Result "1-0"]
[WhiteElo "2120"]
[BlackElo "1818"]
[PlyCount "75"]
[EventDate "2022.06.17"]
[EventType "swiss"]
[EventRounds "5"]
[EventCountry "CAN"]

1. Nf3 Nf6 2. c4 g6 3. b4 Bg7 4. Bb2 O-O 5. g3 d6 6. Bg2 e5 7. O-O Re8 8. d3
Nfd7 9. Nbd2 e4 10. Nd4 c5 11. Nxe4 Qb6 12. Nb5 Bxb2 13. Rb1 Rxe4 14. Bxe4 Bg7
15. bxc5 Nxc5 16. Bg2 a6 17. Nc3 Qa5 18. Nd5 Nc6 19. Nb6 Rb8 20. Nxc8 Rxc8 21.
e3 b5 22. cxb5 axb5 23. Rc1 Ne7 24. d4 Na4 25. Rxc8+ Nxc8 26. Qb3 Nc3 27. Kh1
Nb6 28. h4 h5 29. Kh2 Nc4 30. Rc1 Ne2 31. Rb1 Nc3 32. Rc1 Ne2 33. Ra1 Qc3 34.
Rb1 Qxb3 35. Rxb3 Nc1 36. Rxb5 Bf8 37. Bd5 Na3 38. Rb7 1-0

[Event "Montreal CC-ch"]
[Site "Montreal CAN"]
[Date "2022.06.18"]
[Round "2.6"]
[White "Beaudry, Marc-Andre"]
[Black "Kozlov, Guennadi"]
[Result "1/2-1/2"]
[WhiteElo "2052"]
[BlackElo "1730"]
[PlyCount "70"]
[EventDate "2022.06.17"]
[EventType "swiss"]
[EventRounds "5"]
[EventCountry "CAN"]

1. d4 d5 2. c4 c6 3. Nc3 e6 4. e3 Nf6 5. Nf3 Bd6 6. Qc2 Nbd7 7. Bd3 dxc4 8.
Bxc4 e5 9. O-O O-O 10. h3 exd4 11. exd4 Nb6 12. Bb3 Qc7 13. Re1 Nbd5 14. a3 Nf4
15. Ne5 Ne6 16. Be3 Bd7 17. Rad1 Rac8 18. Nxd7 Nxd7 19. Qf5 Rce8 20. Bc1 Nxd4
21. Bxf7+ Kh8 22. Qd3 Rxe1+ 23. Rxe1 Ne5 24. Qxd4 Nxf7 25. Qxa7 Qd7 26. Qe3 Ne5
27. Rd1 Qe7 28. Ne4 Bb8 29. Qg5 Qc7 30. f4 Ng6 31. Rf1 Qb6+ 32. Kh1 Qd4 33. Ng3
Kg8 34. Nh5 Qd3 35. Re1 Qd7 1/2-1/2

[Event "Montreal CC-ch"]
[Site "Montreal CAN"]
[Date "2022.06.18"]
[Round "2.7"]
[White "Allaire, Denis"]
[Black "Jacquet, Stephane"]
[Result "0-1"]
[WhiteElo "1686"]
[BlackElo "2013"]
[PlyCount "58"]
[EventDate "2022.06.17"]
[EventType "swiss"]
[EventRounds "5"]
[EventCountry "CAN"]

1. e4 d6 2. d4 g6 3. Nc3 Bg7 4. Be2 Nf6 5. h4 h5 6. Nf3 Bg4 7. Ng5 Bxe2 8. Qxe2
e5 9. dxe5 dxe5 10. Be3 Nbd7 11. O-O-O c6 12. Qc4 Qe7 13. f3 O-O 14. Rdg1 a5
15. g4 Qb4 16. Qe2 b5 17. gxh5 Nxh5 18. Qf2 a4 19. a3 Qe7 20. Rd1 b4 21. Rxd7
Qxd7 22. axb4 a3 23. b3 Rfd8 24. Na4 Bf8 25. Bc5 Bxc5 26. bxc5 Rxa4 27. bxa4 a2
28. Kb2 Qb7+ 29. Kxa2 Ra8 0-1

[Event "Montreal CC-ch"]
[Site "Montreal CAN"]
[Date "2022.06.18"]
[Round "2.8"]
[White "Genzling, Jerome"]
[Black "Millette, Sylvain"]
[Result "1-0"]
[WhiteElo "1994"]
[BlackElo "1590"]
[PlyCount "47"]
[EventDate "2022.06.17"]
[EventType "swiss"]
[EventRounds "5"]
[EventCountry "CAN"]

1. e4 Nf6 2. e5 Nd5 3. c4 Nb6 4. d4 d6 5. exd6 exd6 6. Nc3 Be7 7. Bd3 Nc6 8.
Nge2 Bf6 9. d5 Ne5 10. f4 Nxd3+ 11. Qxd3 Bg4 12. O-O Bxe2 13. Re1 O-O 14. Rxe2
g6 15. Be3 Re8 16. Rf1 Bxc3 17. Qxc3 f5 18. Rfe1 Re4 19. Bd4 Rxe2 20. Rxe2 Qd7
21. Qe1 Kf7 22. Qh4 Kf8 23. Bf6 h5 24. Qg5 1-0

[Event "Montreal CC-ch"]
[Site "Montreal CAN"]
[Date "2022.06.18"]
[Round "2.9"]
[White "Sonn, Eric"]
[Black "Sekki, Abderaouf"]
[Result "1/2-1/2"]
[WhiteElo "1507"]
[BlackElo "1922"]
[PlyCount "116"]
[EventDate "2022.06.17"]
[EventType "swiss"]
[EventRounds "5"]
[EventCountry "CAN"]

1. e4 d6 2. d4 Nf6 3. Nc3 Nbd7 4. Be3 e5 5. Nf3 c6 6. Bd3 Qc7 7. O-O Be7 8. Ne2
h6 9. h3 Nf8 10. Ng3 g5 11. Nh2 Ng6 12. Nh5 Nf4 13. Bxf4 gxf4 14. dxe5 dxe5 15.
Nxf6+ Bxf6 16. Ng4 Be7 17. Bc4 h5 18. Nh2 Bd7 19. Qd3 f6 20. Qb3 O-O-O 21. Rad1
Kb8 22. Rd3 f5 23. exf5 Bxf5 24. Rxd8+ Rxd8 25. Be6 Bh7 26. Bf7 h4 27. Ng4 Rd2
28. c3 Bd3 29. Rd1 Bc2 30. Rxd2 Bxb3 31. axb3 a6 32. Be6 Bd6 33. Nh6 Qe7 34.
Bg4 Bc7 35. Rd7 Qf6 36. Nf5 Bb6 37. Rd2 e4 38. b4 Qe5 39. Nd4 e3 40. Rd1 exf2+
41. Kxf2 Qe3+ 42. Kf1 Bxd4 43. Rxd4 Qc1+ 44. Bd1 f3 45. gxf3 Qxb2 46. Rxh4 Qxc3
47. Re4 a5 48. bxa5 Qxa5 49. Kg2 Qd2+ 50. Be2 b5 51. f4 b4 52. f5 b3 53. f6
Qg5+ 54. Bg4 Qd5 55. Bf3 Qd2+ 56. Kg3 Qd6+ 57. Rf4 b2 58. Be4 Qf8 1/2-1/2

[Event "Montreal CC-ch"]
[Site "Montreal CAN"]
[Date "2022.06.18"]
[Round "2.10"]
[White "Singher, Jean-Pierre"]
[Black "Milosz, Jerzy"]
[Result "1-0"]
[WhiteElo "1878"]
[BlackElo "1509"]
[PlyCount "55"]
[EventDate "2022.06.17"]
[EventType "swiss"]
[EventRounds "5"]
[EventCountry "CAN"]

1. d4 Nf6 2. c4 e6 3. Nf3 b6 4. Nc3 Bb7 5. e3 Bb4 6. Bd2 c5 7. Bd3 d5 8. O-O
O-O 9. a3 Bxc3 10. Bxc3 dxc4 11. Bxc4 Ba6 12. Bxa6 Nxa6 13. Qe2 cxd4 14. Rfd1
Nc5 15. Nxd4 Nd5 16. Be1 Qf6 17. Rac1 Rfc8 18. f3 Qg6 19. Bg3 Na4 20. e4 Ne7
21. Qd2 Qh6 22. Bf4 Qh5 23. Nf5 Rxc1 24. Nxe7+ Kh8 25. Rxc1 Qb5 26. Nc8 Qe8 27.
Nd6 Qf8 28. b4 1-0

[Event "Montreal CC-ch"]
[Site "Montreal CAN"]
[Date "2022.06.18"]
[Round "2.11"]
[White "Jutras, Arnaud"]
[Black "Chapdelaine, Gwyn"]
[Result "0-1"]
[WhiteElo "1345"]
[BlackElo "1858"]
[PlyCount "64"]
[EventDate "2022.06.17"]
[EventType "swiss"]
[EventRounds "5"]
[EventCountry "CAN"]

1. c4 e5 2. Nc3 Nf6 3. Nf3 Nc6 4. g3 d5 5. cxd5 Nxd5 6. Bg2 Nxc3 7. bxc3 e4 8.
Nd4 Nxd4 9. cxd4 Qxd4 10. Rb1 Bc5 11. O-O O-O 12. Qc2 Re8 13. Bb2 Qd5 14. Qc3
Bf8 15. d3 Bf5 16. dxe4 Bxe4 17. Bxe4 Qxe4 18. Qxc7 Qxe2 19. Bd4 b5 20. Rb2 Qd3
21. Be3 a5 22. Rb3 Qe2 23. Rfb1 b4 24. R3b2 Qd3 25. Rb3 Qf5 26. Qf4 Qxf4 27.
Bxf4 Rac8 28. Kf1 Rc2 29. R3b2 Ree2 30. Rxc2 Rxc2 31. Ra1 g6 32. Be5 Bc5 0-1